000 00598nam a2200229Ia 4500
008 160803s9999 xx 000 0 und d
020 _a0590411969 (paperback)
100 _aKrauss, Ruth
245 _aIs this you? /
260 _aNew York :
260 _bScholastic Inc.
260 _c1995
300 _aunnumbered pages :
300 _bcolor illustrations ;
300 _c23 cm.
650 _aChildren --
650 _aSelf-perception --
650 _xCaricatures and cartoons.
650 _xFiction.
700 _aBR
700 _aJohnson, Crockett, 1906-1975., added author
999 _c299721
_d299721